00497 a2200181 450000100060000002000060000604000370001210000300004924000280007924500230010730000080013036200090013844000120014765000310015994200070019095201010019799900170029871909 a  cAnchieta - Colégio São Paulo aPenteado, Maria Heloísa10aA velha Fridélialpor10aA velha Fridélia a1270 a1985 1aÁtica 4aLiteratura infanto-juvenil cBK 00104070a88.1b88.1d2023-11-22l0o028.5 P419p1209/CSPr2023-11-22 14:28:12w2023-11-22yBK c71909d71909